00451nam a2200145 i 450000100060000000300090000600500170001500700030003200800410003510000210007624500900009726000580018730000290024585200310027487433ES-MaACL20230906175654.0t|041221s1957 sp ||||1| ger d1 aKucera, Enrique.10aBuch des reisenden b: die Costa Brava, die spanische Riviera /cvon Heinrich Kucera. aBarcelona : bEnrique Kucera, c[1957] (fS.A.D.A.G.) a63 p. : bil. ; c14 cm. aES-MaACLjD-6222 bR.41044